| 000 | 01550nam a2200289Ia 4500 | ||
|---|---|---|---|
| 999 |
_c55063 _d55063 |
||
| 001 | 22138 | ||
| 003 | GE_BSU | ||
| 005 | 20221128125215.0 | ||
| 008 | 181216s ||||ge |||||||||||||| ||geo|| | ||
| 010 | _a9789941157905 | ||
| 040 | _cGE_BSU | ||
| 041 | _ageo | ||
| 080 | _a821.353.1-92+94(479.22)"18 მ-85 | ||
| 100 |
_aმორჩილაძე, აკა _916149 |
||
| 245 |
_aქართულის რვეულები : _bXIX საუკუნის სურათები / _cაკა მორჩილაძე ; რედ. თეა ქიტოშვილი ; დიზაინერი : ია მახათაძე, გიორგი კევლიშვილი. |
||
| 260 |
_aთბილისი : _bბაკურ სულაკაურის გამ-ბა, _c2014. |
||
| 300 |
_a263 გვ. ; _c23 სმ. _e30 ჩართ. ფ. ფოტ. |
||
| 541 | _h11ლ. | ||
| 653 | _aსაქართველოს ისტორია | ||
| 653 | _aსაქართველოს ისტორია XIX ს. | ||
| 653 | _aქართული ლიტერატურა | ||
| 653 | _aქართულის რვეულები : XIX საუკუნის სურათები | ||
| 700 |
_aქიტოშვილი, თეა _eრედაქტორი _916150 |
||
| 700 |
_aმახათაძე, ია _eდიზაინერი _95299 |
||
| 700 |
_aკევლიშვილი, გიორგი _eდიზაინერი _911748 |
||
| 942 |
_cBK _2udc |
||